000 00361pab a2200157 454500
008 180718b1999 xxu||||| |||| 00| 0 eng d
100 _aRamesh
245 _aTeaching environmental law
260 _c1999
300 _ap.8-13
362 _a19 Jul
650 _aTeaching
650 _aEnvironmental legislation
773 _aUniversity News
909 _a41681
999 _c41681
_d41681